Adsorpčné a membránové separačné procesy. Príloha k záver.správe /

Gespeichert in:
Bibliographische Detailangaben
1. Verfasser: Kossaczký, Elemír (Verfasst von)
Format: Buch
Veröffentlicht: Bratislava : SVŠT v Bratislave, 1990
Tags: Tag hinzufügen
Keine Tags, Fügen Sie das erste Tag hinzu!

MARC

LEADER 00000nam a22000003a 4500
001 stu16851
005 20150617225754.9
008 ------s1990----cs----------------------d
040 |a STU  |b slo 
041 0
044 |a cs 
080 |a 66.021.3.081.001.5 
100 1 |a Kossaczký, Elemír  |4 aut 
245 1 |a Adsorpčné a membránové separačné procesy. Príloha k záver.správe /  |c [aut.]Kossaczký,Elemír 
260 |a Bratislava :  |b SVŠT v Bratislave,  |c 1990 
300 |a nepr.str :  |b Literatúra 
996 |b CVS140  |c C*VS140  |l CCI  |s A  |a 24  |w stu16851_0001